000 00549nam a22001817a 4500
005 20241002133817.0
008 241002b |||||||| |||| 00| 0 eng d
020 _a9780702165511
041 _aEnglish
082 _a349 WIL
100 _lEnglish
245 _aWille's Principles of South African Law /
_cedited by F du Bois et al.
250 _a9th Edition
260 _aCape Town:
_bJuta and Company Ltd,
_c2007
300 _bclxxvii, 1270 pages;
_c25 cm.
650 _aLegal practice
_bLaw
942 _cBK
_6ALISON_BN_VRIES
999 _c3197
_d3197